| 000 | 00441nam a2200133Ia 4500 | ||
|---|---|---|---|
| 008 | 221224s9999||||xx |||||||||||||| ||und|| | ||
| 082 |
_a242 _bPAN/Y |
||
| 100 | _aPandey, Umesh Chandra | ||
| 245 | 0 | _aYagyavalkya Smriti of Yogishwara Yagyavalkya With the Commentary Mitaksara of Vigyaneswara. Adhyay: Vyavhara, Prayaschitya | |
| 250 | _a3rd Edition | ||
| 260 |
_aVaranasi _bChaukhambha Sanskrit Sansthan&c1983 |
||
| 300 | _a484 | ||
| 942 | _cVB | ||
| 999 |
_c40430 _d40430 |
||